000 01166nam a22002657a 4500
005 20170124102928.0
010 _aA-855136
020 _c125.00
_a8173152063
035 _aA-855136
037 _bCen Lib/Ret
040 _aDPL
_bHN
082 _a401.1
_bभाटिया
100 _aभाटिया, केलाश्चंद्र
_944174
245 _aहिंदी की मानक वर्तनी /
_cकेलाश्चंद्र भाटिया [एवम] रचना भाटिया
246 _aHindi ki manak vartni /
_bby Kelashchandra Bhatiya [and] Rachna Bhatiya
260 _aनई दिल्ली
_bप्रभात प्रकाशन
_c1997
270 _a४/१९, असफ अली रोड
_bनई दिल्ली
_e110002
300 _a144पृ.
_c22सेमी(सजिल्द)
650 _aहिन्दी भाषा
_91413
650 _aभाषाविज्ञान
_944175
650 _aHindi language
_99446
650 _aLinguistics
_944176
700 _aभाटिया, रचना
_944177
942 _2ddc
_cHN
_h401.1
_mभाटिया
999 _c111709
_d111709